1110 1335 1022 1924 1649 1782 1801 1693 1250 1608 1880 1780 1344 1738 1466 1028 1414 1998 1422 1886 1027 1647 1132 1499 1450 1472 1724 1749 1283 1386 1978 1327 1778 1827 1247 1270 1380 1101 1257 1897 1708 1036 1621 1499 1272 1655 1300 1640 1307 1278 1179 1829 1466 1073 1530 1431 1339 1669 1253 1866 1053 1775 1502 1432 1882 1363 1259 1622 1121 1449 1666 1890 1348 1967 1727 1125 1352 1133 1315 1663 1275 1258 1218 1260 1575 1993 1589 1246 1441 1537 1044 1948 1564 1251 1646 1075 1941 1456 1213 BCNSPRNW ULIB Ver.6.0+V

เปลี่ยนเป็นภาษาไทย

Change to English
 แสดงรายละเอียดบรรณานุกรม
  กลับหน้าหลัก

Brief Record : Get Marc (ISO 2709) : E-mail record : QR code < ปิดหน้าต่าง
LEADER : 00000nam 2200000uu 4500
001    13399124196
003     ULIB
008    150125s2555||||th 000 0 tha d
020    ^a9786162791123
060 04 ^aWE715^bส463ท
100 0  ^aสุพิน ชมภูพงษ์
245 10 ^aThorax :^bกายวิภาคและการประยุกต์ใช้ทางคลินิก /^cโดยสุพิน ชมภูพงษ์,อัครเดช ศิริพร, สรรใจ แสงวิเชียร
250    ^aพิมพ์ครั้งที่ 3
260    ^aกรุงเทพฯ :^bภาควิชากายวิภาคศาสตร์ คณะแพทยศาสตร์ศิริราชพยาบาลมหาวิทยาลัยมหิดล,^c2555
300    ^aii, 163 หน้า :^bภาพประกอบ
650  2 ^aThorax^xAnatomy & histology
650  0 ^aทรวงอก^eกายวิภาค
650  0 ^aปอด^eกายวิภาค
650  0 ^aหัวใจ^eกายวิภาค
700 00 ^aอัครเดช ศิริพร,^eผู้แต่งรวม
700 00 ^aสรรใจ แสงวิเชียร,^eผู้แต่งรวม
710 20 ^aมหาวิทยาลัยมหิดล.^bภาควิชากายวิภาคศาสตร์
945    ^p190^l0^i038931
945    ^p190^l0^i038932
945    ^p190^l0^i038933
999    ^aเกษร โพธิ์สุวรรณ
รายการนี้ยังไม่มีแท็ก
คุณยังไม่ได้ล็อกอิน คุณสามารถมีกิจกรรมร่วมกับเว็บไซต์ได้ แต่ต้องล็อกอินก่อน ::
  ล็อกอิน

รายการสื่อสารสนเทศ

ลำดับที่ ประเภท เลขเรียก/บาร์โค้ด สถานที่ สถานะ
1. วิทยาศาสตร์การแพทย์ และสุขภาพ
หนังสือสำรอง
สถานะ=หนังสือสำรอง
WE715 ส463ท ฉ.1 
  Barcode: 038931
ห้องสมุดวิทยาเขตสวรรค์ประชารักษ์
►ส่วนจัดเก็บหนังสือเก่า สปร
บนชั้น
  ขอยืม
2. วิทยาศาสตร์การแพทย์ และสุขภาพ
วิทยาศาสตร์การแพทย์ และสุขภาพ
WE715 ส463ท ฉ.2 
  Barcode: 038932
ห้องสมุดวิทยาเขตสวรรค์ประชารักษ์
►ส่วนจัดเก็บหนังสือเก่า สปร
บนชั้น
  ขอยืม
3. วิทยาศาสตร์การแพทย์ และสุขภาพ
วิทยาศาสตร์การแพทย์ และสุขภาพ
WE715 ส463ท ฉ.3 
  Barcode: 038933
ห้องสมุดวิทยาเขตสวรรค์ประชารักษ์
►ส่วนจัดเก็บหนังสือเก่า สปร
บนชั้น
  ขอยืม

รายการใกล้เคียง
    ผู้แต่ง [สุพิน ชมภูพงษ์]

BibComment


ยังไม่เคยถูกคอมเมนท์

คอมเมนท์ทรัพยากรรายการนี้
  คอมเมนท์: Thorax กายวิภาค..


 Copyright 2026. Bcnsprnw @Library